| 000 | 00861nam a2200253Ia 4500 | ||
|---|---|---|---|
| 999 |
_c1525 _d1525 |
||
| 003 | CoMeUDC | ||
| 005 | 20220426184833.0 | ||
| 008 | 130821s1999 ck grdd dspa | ||
| 020 | _a9589380077 | ||
| 040 |
_aCo-BoUCM _bspa _cCO-UdeC |
||
| 041 | 0 | 0 | _aspa |
| 082 | 0 | 4 |
_a340.03 _bS572 |
| 100 |
_aSierra García, Jaime _996910 |
||
| 245 | 0 | 0 |
_aDiccionario jurídico : _bajustado a la Legislación Colombiana / _cJaime Sierra García. |
| 250 | _aTercera edición | ||
| 260 |
_aMedellín : _bLibreria Jurídica Sánchez, _c2001. |
||
| 300 | _a560 páginas | ||
| 504 | _aIncluye bibliografía e índice. | ||
| 650 | 0 | 4 |
_aBiografías _vDiccionarios y enciclopedias _97343 |
| 650 | 0 | 4 |
_aDerecho _vDiccionarios y enciclopedias _97494 |
| 650 | 0 | 4 |
_aFilosofía del derecho _vDiccionarios y enciclopedias _915792 |
| 650 | 0 | 4 |
_aTeoría del derecho _925308 |
| 942 | _cBK | ||